|
|
|
|
| LEADER |
01000caa a2200265 c 4500 |
| 001 |
098386166 |
| 003 |
DE-627 |
| 005 |
20240328004009.0 |
| 007 |
tu |
| 008 |
061003s2001 xx ||||| 00| ||ger c |
| 035 |
|
|
|a (DE-627)098386166
|
| 035 |
|
|
|a (DE-599)GBV098386166
|
| 040 |
|
|
|a DE-627
|b ger
|c DE-627
|e rakwb
|
| 041 |
|
|
|a ger
|
| 100 |
1 |
|
|a Lüdtke, Alf
|d 1943-2019
|e verfasserin
|0 (DE-588)115524215
|0 (DE-627)077306031
|0 (DE-576)162051824
|4 aut
|
| 245 |
1 |
0 |
|a Denunziationen
|b Politik aus Liebe?
|c Alf Lüdtke
|
| 264 |
|
1 |
|c 2001
|
| 336 |
|
|
|a Text
|b txt
|2 rdacontent
|
| 337 |
|
|
|a ohne Hilfsmittel zu benutzen
|b n
|2 rdamedia
|
| 338 |
|
|
|a Band
|b nc
|2 rdacarrier
|
| 500 |
|
|
|a S. [397]-407
|
| 773 |
0 |
8 |
|i In
|t Der Staatsbürger als Spitzel
|d Leipzig : Leipziger Univ.-Verl., 2001
|g (2001), Seite 397-407
|h 413 S.
|w (DE-627)329929747
|w (DE-576)094761922
|z 3935693133
|7 nnam
|
| 773 |
1 |
8 |
|g year:2001
|g pages:397-407
|
| 912 |
|
|
|a GBV_USEFLAG_U
|
| 912 |
|
|
|a GBV_ILN_21
|
| 912 |
|
|
|a ISIL_DE-46
|
| 912 |
|
|
|a SYSFLAG_1
|
| 912 |
|
|
|a GBV_KXP
|
| 912 |
|
|
|a GBV_ILN_11
|
| 912 |
|
|
|a GBV_ILN_20
|
| 912 |
|
|
|a GBV_ILN_22
|
| 912 |
|
|
|a GBV_ILN_24
|
| 912 |
|
|
|a GBV_ILN_31
|
| 912 |
|
|
|a GBV_ILN_39
|
| 912 |
|
|
|a GBV_ILN_40
|
| 912 |
|
|
|a GBV_ILN_61
|
| 912 |
|
|
|a GBV_ILN_62
|
| 912 |
|
|
|a GBV_ILN_65
|
| 912 |
|
|
|a GBV_ILN_69
|
| 912 |
|
|
|a GBV_ILN_70
|
| 912 |
|
|
|a GBV_ILN_72
|
| 912 |
|
|
|a GBV_ILN_120
|
| 912 |
|
|
|a GBV_ILN_123
|
| 912 |
|
|
|a GBV_ILN_204
|
| 912 |
|
|
|a GBV_ILN_244
|
| 912 |
|
|
|a GBV_ILN_350
|
| 912 |
|
|
|a GBV_ILN_655
|
| 912 |
|
|
|a GBV_ILN_697
|
| 912 |
|
|
|a GBV_ILN_2003
|
| 912 |
|
|
|a GBV_ILN_2005
|
| 912 |
|
|
|a GBV_ILN_2006
|
| 912 |
|
|
|a GBV_ILN_2007
|
| 912 |
|
|
|a GBV_ILN_2008
|
| 912 |
|
|
|a GBV_ILN_2009
|
| 912 |
|
|
|a GBV_ILN_2010
|
| 912 |
|
|
|a GBV_ILN_2011
|
| 912 |
|
|
|a GBV_ILN_2018
|
| 912 |
|
|
|a GBV_ILN_2020
|
| 912 |
|
|
|a GBV_ILN_2056
|
| 912 |
|
|
|a GBV_ILN_2091
|
| 912 |
|
|
|a GBV_ILN_2178
|
| 912 |
|
|
|a GBV_ILN_2284
|
| 912 |
|
|
|a GBV_ILN_2568
|
| 912 |
|
|
|a GBV_ILN_204
|
| 912 |
|
|
|a GBV_ILN_350
|
| 912 |
|
|
|a ISIL_DE-2795
|
| 912 |
|
|
|a GBV_ILN_350_
|
| 951 |
|
|
|a AR
|
| 952 |
|
|
|j 2001
|h 397-407
|
| 980 |
|
|
|2 21
|1 01
|x 0046
|b 1444872052
|y xza
|z 11-11-13
|
| 980 |
|
|
|2 204
|1 01
|x 3204
|b 4381408926
|h efbib <2023>
|k Bibliographischer Nachweis
|y zhsb
|z 05-10-23
|
| 980 |
|
|
|2 350
|1 01
|x 8293
|b 097604542
|c 00
|f DHIP
|d --%%--
|e i
|j --%%--
|y n
|z 14-05-03
|
| 982 |
|
|
|2 204
|1 01
|x 3204
|8 00
|0 (DE-627)1830201239
|a 2023
|
| 982 |
|
|
|2 204
|1 01
|x 3204
|8 01
|0 (DE-627)584745486
|a Hochschulbibliographie
|
| 982 |
|
|
|2 204
|1 01
|x 3204
|8 02
|0 (DE-627)584745559
|a Universität <Erfurt, 1994 ->
|
| 982 |
|
|
|2 204
|1 01
|x 3204
|8 03
|0 (DE-627)584746091
|a Philosophische Fakultät <Erfurt>
|
| 982 |
|
|
|2 204
|1 01
|x 3204
|8 04
|0 (DE-627)1831835967
|a Konferenz-/Tagungsbeitrag
|
| 982 |
|
|
|2 204
|1 01
|x 3204
|8 05
|0 (DE-627)584747330
|a VerfasserIn
|
| 995 |
|
|
|2 204
|1 01
|x 3204
|a efbib <2023>
|